The spiritual brain : (Record no. 121868)
[ view plain ]
| 000 -LEADER | |
|---|---|
| fixed length control field | 02267cam a2200469 a 4500 |
| 001 - CONTROL NUMBER | |
| control field | 14829711 |
| 003 - CONTROL NUMBER IDENTIFIER | |
| control field | ARRUPE |
| 005 - DATE AND TIME OF LATEST TRANSACTION | |
| control field | 20150121171424.0 |
| 008 - FIXED-LENGTH DATA ELEMENTS--GENERAL INFORMATION | |
| fixed length control field | 070501s2007 nyua b 001 0 eng |
| 010 ## - LIBRARY OF CONGRESS CONTROL NUMBER | |
| LC control number | 2007018398 |
| 020 ## - INTERNATIONAL STANDARD BOOK NUMBER | |
| International Standard Book Number | 9780060858834 |
| 020 ## - INTERNATIONAL STANDARD BOOK NUMBER | |
| International Standard Book Number | 0060858834 |
| 035 ## - SYSTEM CONTROL NUMBER | |
| System control number | (OCoLC)ocn124074848 |
| 035 ## - SYSTEM CONTROL NUMBER | |
| System control number | (OCoLC)124074848 |
| 040 ## - CATALOGING SOURCE | |
| Original cataloging agency | DLC |
| Transcribing agency | DLC |
| Modifying agency | YDX |
| -- | BAKER |
| -- | BTCTA |
| -- | MLY |
| -- | YDXCP |
| -- | IF9 |
| -- | MUQ |
| -- | BWX |
| -- | IXA |
| -- | VP@ |
| -- | VET |
| -- | DLC |
| 050 00 - LIBRARY OF CONGRESS CALL NUMBER | |
| Classification number | BL53 |
| Item number | .B363 2007 |
| 082 00 - DEWEY DECIMAL CLASSIFICATION NUMBER | |
| Classification number | 200.1/9 |
| Edition number | 22 |
| 300 ## - PHYSICAL DESCRIPTION | |
| Other physical details | ill. ; |
| Dimensions | 24 cm. |
| 100 1# - MAIN ENTRY--PERSONAL NAME | |
| Personal name | Beauregard, Mario. |
| 9 (RLIN) | 14533 |
| 245 14 - TITLE STATEMENT | |
| Title | The spiritual brain : |
| Remainder of title | a neuroscientist's case for the existence of the soul / |
| Statement of responsibility, etc | Mario Beauregard and Denyse O'Leary. |
| 250 ## - EDITION STATEMENT | |
| Edition statement | 1st ed. |
| 260 ## - PUBLICATION, DISTRIBUTION, ETC. (IMPRINT) | |
| Place of publication, distribution, etc | New York : |
| Name of publisher, distributor, etc | HarperOne, |
| Date of publication, distribution, etc | c2007. |
| 300 ## - PHYSICAL DESCRIPTION | |
| Extent | xvi, 368 p. : |
| 504 ## - BIBLIOGRAPHY, ETC. NOTE | |
| Bibliography, etc | Includes bibliographical references (p. [349]-358) and index. |
| 505 0# - FORMATTED CONTENTS NOTE | |
| Formatted contents note | Toward a spiritual neuroscience -- Is there a God program? -- Does the God module even exist? -- The strange case of the God helmet -- Are mind and brain identical? -- Toward a nonmaterialist science of mind -- Who has mystical experiences and what triggers them? -- Do religious, spiritual, or mystical experiences change lives? -- The Carmelite studies : a new direction? -- Did God create the brain or does the brain create God? |
| 650 #0 - SUBJECT ADDED ENTRY--TOPICAL TERM | |
| Topical term or geographic name as entry element | Psychology, Religious. |
| 9 (RLIN) | 14534 |
| 650 #0 - SUBJECT ADDED ENTRY--TOPICAL TERM | |
| Topical term or geographic name as entry element | Brain |
| General subdivision | Religious aspects. |
| 9 (RLIN) | 14535 |
| 650 #0 - SUBJECT ADDED ENTRY--TOPICAL TERM | |
| Topical term or geographic name as entry element | Theological anthropology. |
| 9 (RLIN) | 14536 |
| 650 #0 - SUBJECT ADDED ENTRY--TOPICAL TERM | |
| Topical term or geographic name as entry element | Human beings. |
| 9 (RLIN) | 14537 |
| 650 #0 - SUBJECT ADDED ENTRY--TOPICAL TERM | |
| Topical term or geographic name as entry element | Neurosciences. |
| 9 (RLIN) | 9794 |
| 650 #0 - SUBJECT ADDED ENTRY--TOPICAL TERM | |
| Topical term or geographic name as entry element | Spirituality. |
| 9 (RLIN) | 14538 |
| 650 #2 - SUBJECT ADDED ENTRY--TOPICAL TERM | |
| Topical term or geographic name as entry element | Brain. |
| 9 (RLIN) | 14539 |
| 650 #2 - SUBJECT ADDED ENTRY--TOPICAL TERM | |
| Topical term or geographic name as entry element | Neurosciences. |
| 9 (RLIN) | 9794 |
| 650 #2 - SUBJECT ADDED ENTRY--TOPICAL TERM | |
| Topical term or geographic name as entry element | Religion and Psychology. |
| 9 (RLIN) | 14540 |
| 650 #2 - SUBJECT ADDED ENTRY--TOPICAL TERM | |
| Topical term or geographic name as entry element | Spirituality. |
| 9 (RLIN) | 14541 |
| 700 1# - ADDED ENTRY--PERSONAL NAME | |
| Personal name | O'Leary, Denyse. |
| 9 (RLIN) | 14542 |
| 856 41 - ELECTRONIC LOCATION AND ACCESS | |
| Materials specified | Table of contents only |
| Uniform Resource Identifier | <a href="http://www.loc.gov/catdir/toc/ecip0717/2007018398.html">http://www.loc.gov/catdir/toc/ecip0717/2007018398.html</a> |
| 856 42 - ELECTRONIC LOCATION AND ACCESS | |
| Materials specified | Contributor biographical information |
| Uniform Resource Identifier | <a href="http://www.loc.gov/catdir/enhancements/fy0911/2007018398-b.html">http://www.loc.gov/catdir/enhancements/fy0911/2007018398-b.html</a> |
| 856 42 - ELECTRONIC LOCATION AND ACCESS | |
| Materials specified | Publisher description |
| Uniform Resource Identifier | <a href="http://www.loc.gov/catdir/enhancements/fy0911/2007018398-d.html">http://www.loc.gov/catdir/enhancements/fy0911/2007018398-d.html</a> |
| 906 ## - LOCAL DATA ELEMENT F, LDF (RLIN) | |
| a | 7 |
| b | cbc |
| c | orignew |
| d | 1 |
| e | ecip |
| f | 20 |
| g | y-gencatlg |
| 942 ## - ADDED ENTRY ELEMENTS (KOHA) | |
| Source of classification or shelving scheme | Library of Congress Classification |
| Koha item type | Monograph ( Printed materials) |
| Withdrawn status | Lost status | Source of classification or shelving scheme | Damaged status | Not for loan | Collection code | Home library | Current library | Shelving location | Date acquired | Total Checkouts | Full call number | Barcode | Date last seen | Date checked out | Price effective from | Koha item type |
|---|---|---|---|---|---|---|---|---|---|---|---|---|---|---|---|---|
| Library of Congress Classification | Main Collection | ARRUPE LIBRARY | ARRUPE LIBRARY | Main Collection | 21/01/2015 | 4 | BL53 .B363 2007 | 46500003033 | 11/12/2017 | 25/10/2017 | 21/01/2015 | Monograph ( Printed materials) |